| 000 | 00580nam a2200205Ia 4500 | ||
|---|---|---|---|
| 005 | 20230427111741.0 | ||
| 008 | 131103s9999 xx 000 0 und d | ||
| 020 |
_a8175245018 _cRs.450.00 |
||
| 040 | _aLoreto College | ||
| 041 | _aEnglish | ||
| 082 |
_a613 _bRAT |
||
| 100 | _aRathee, Bhagat Singh | ||
| 245 |
_aOur health is in our hands _cDr.Bhagat Singh Rathee, Dr.Jagir Nain and Dr. Santosh Sharma |
||
| 260 |
_aNew Delhi _bKhel Sahitya Kendra _c2008 |
||
| 300 | _a230p. | ||
| 504 | _aIncludes references | ||
| 700 | _aNain, Jagir | ||
| 850 | _aLCLIB | ||
| 942 | _cBK | ||
| 999 |
_c37033 _d87512 |
||